[Event "World Blitz Championship"]
[Site "Doha QAT"]
[Date "2016.12.30"]
[EventDate "2016.12.29"]
[Round "15.4"]
[Result "1/2-1/2"]
[White "Daniil Dubov"]
[Black "Maxime Vachier-Lagrave"]
[WhiteElo "2660"]
[BlackElo "2804"]
[PlyCount "122"]

1. c4 e5 2. Nc3 Nf6 3. Nf3 Nc6 4. g3 d5 5. cxd5 Nxd5 6. Bg2
Nb6 7. O-O Be7 8. a3 O-O 9. b4 Re8 10. d3 Bf8 11. Be3 Bg4
12. Bc5 Nd4 13. Nxd4 exd4 14. Ne4 c6 15. Bxf8 Rxf8 16. Nc5 Qe7
17. Re1 Nc8 18. Qd2 Rd8 19. Rac1 Nb6 20. Qf4 Be6 21. Qe5 Rac8
22. Nxe6 Qxe6 23. Qxe6 fxe6 24. Rc5 Nd5 25. e3 dxe3 26. fxe3
Rd6 27. d4 a6 28. Kf2 Re8 29. Rd1 Nf6 30. Bf3 Nd7 31. Rcc1 Rf8
32. Ke2 Kf7 33. a4 Ke7 34. Rc2 Nb6 35. b5 axb5 36. axb5 Nd5
37. bxc6 Rxc6 38. Rxc6 bxc6 39. Rc1 Kd6 40. Be4 h6 41. Rc2 Ra8
42. Kd2 Ra1 43. Rb2 Ra3 44. Bxd5 Kxd5 45. Rb7 g5 46. Rh7 Ke4
47. Rxh6 e5 48. Re6 Rd3+ 49. Kc2 Kxe3 50. Rxe5+ Kxd4 51. Rxg5
Rf3 52. Rh5 c5 53. Rh4+ Kd5 54. Kd2 c4 55. Rh5+ Kd4 56. Rh4+
Kd5 57. Rh8 Rd3+ 58. Kc2 Rf3 59. Rd8+ Kc5 60. Rc8+ Kb4
61. Rb8+ Kc5 1/2-1/2

[Event "World Blitz Championship"]
[Site "Doha QAT"]
[Date "2016.12.30"]
[EventDate "2016.12.29"]
[Round "16.6"]
[Result "1-0"]
[White "Maxime Vachier-Lagrave"]
[Black "Radoslaw Wojtaszek"]
[WhiteElo "2804"]
[BlackElo "2749"]
[PlyCount "93"]

1. Nf3 d5 2. g3 c6 3. Bg2 Bg4 4. O-O Nd7 5. h3 Bh5 6. d4 e6
7. c4 Bxf3 8. Bxf3 Ngf6 9. Qb3 Qb6 10. Nc3 Be7 11. Rd1 O-O
12. e3 Rac8 13. Bd2 Qxb3 14. axb3 a6 15. Be2 Rfe8 16. Kg2 g6
17. f4 Bb4 18. Bf3 Nb6 19. Na4 Nxa4 20. Bxb4 Nb6 21. Ba5 Nbd7
22. g4 Ne4 23. Bxe4 dxe4 24. g5 h6 25. h4 f5 26. gxf6 Nxf6
27. Kf2 Ng4+ 28. Ke2 Kf7 29. Bc3 Red8 30. Ra5 h5 31. Rg5 Rd7
32. d5 cxd5 33. cxd5 exd5 34. Rgxd5 Rxd5 35. Rxd5 Rc7 36. f5
gxf5 37. Rxf5+ Ke6 38. Rxh5 Rf7 39. Rg5 Rf2+ 40. Ke1 Rg2
41. Bd4 Rg1+ 42. Kd2 b5 43. b4 Rg2+ 44. Kc3 Rg1 45. Kb3 Rg3
46. h5 Kf7 47. h6 1-0

[Event "World Blitz Championship"]
[Site "Doha QAT"]
[Date "2016.12.30"]
[EventDate "2016.12.29"]
[Round "18.3"]
[Result "1/2-1/2"]
[White "Maxime Vachier-Lagrave"]
[Black "Alexander Grischuk"]
[WhiteElo "2804"]
[BlackElo "2737"]
[PlyCount "58"]

1. Nf3 c5 2. e4 d6 3. Bb5+ Bd7 4. c4 Nf6 5. Nc3 a6 6. Bxd7+
Nbxd7 7. O-O Rc8 8. Re1 e6 9. b3 Ne5 10. d3 Be7 11. Bf4 Nfd7
12. Nxe5 dxe5 13. Be3 O-O 14. a3 Nb8 15. Rb1 Nc6 16. Qd2 Qa5
17. Qb2 b5 18. cxb5 axb5 19. a4 bxa4 20. Nxa4 Rfd8 21. Red1 h6
22. Qc3 Qxc3 23. Nxc3 Rb8 24. Na4 Nd4 25. Bxd4 Rxd4 26. Kf1
Rdb4 27. Ke2 Rxb3 28. Rxb3 Rxb3 29. Rc1 Rb4 1/2-1/2

[Event "World Blitz Championship"]
[Site "Doha QAT"]
[Date "2016.12.30"]
[EventDate "2016.12.29"]
[Round "20.3"]
[Result "1/2-1/2"]
[White "Maxime Vachier-Lagrave"]
[Black "Leinier Dominguez Perez"]
[WhiteElo "2804"]
[BlackElo "2739"]
[PlyCount "95"]

1. Nf3 Nf6 2. g3 d5 3. Bg2 e6 4. O-O Be7 5. c4 O-O 6. d4 dxc4
7. Qc2 a6 8. a4 Bd7 9. Qxc4 Bc6 10. Bg5 Nbd7 11. Nc3 h6
12. Bf4 Bd6 13. Ne5 Bxg2 14. Kxg2 Nb6 15. Qb3 a5 16. Rfd1 Nfd5
17. Nxd5 exd5 18. Nd3 Bxf4 19. Nxf4 c6 20. Rac1 Rb8 21. h4 Re8
22. e3 Nc4 23. Qc2 Nd6 24. Rb1 Ra8 25. b4 axb4 26. Rxb4 Qd7
27. Rdb1 Re7 28. Nd3 Qf5 29. Qc5 Rd8 30. R4b3 Re6 31. Nf4 Rf6
32. f3 Qd7 33. g4 Re8 34. Kf2 g5 35. Nh5 Rfe6 36. hxg5 hxg5
37. Rh1 Qe7 38. Qc2 f5 39. gxf5 Rxe3 40. Nf6+ Qxf6 41. Rxe3
Rxe3 42. Kxe3 Nxf5+ 43. Kd2 Qxd4+ 44. Qd3 Qb2+ 45. Qc2 Qd4+
46. Qd3 Qb2+ 47. Qc2 Qd4+ 48. Qd3 1/2-1/2

[Event "World Blitz Championship"]
[Site "Doha QAT"]
[Date "2016.12.30"]
[EventDate "2016.12.29"]
[Round "21.4"]
[Result "1/2-1/2"]
[White "Vassily Ivanchuk"]
[Black "Maxime Vachier-Lagrave"]
[WhiteElo "2747"]
[BlackElo "2804"]
[PlyCount "78"]

1. e4 c5 2. Nf3 d6 3. d4 cxd4 4. Nxd4 Nf6 5. Nc3 a6 6. Be2 e5
7. Nb3 Be7 8. O-O O-O 9. Kh1 b6 10. f3 Bb7 11. a4 Nc6 12. Bg5
Nb4 13. Nb1 h6 14. Bxf6 Bxf6 15. Na3 Qc7 16. c3 Nc6 17. Nc4
Rfd8 18. Qd3 Ne7 19. Qe3 Nc8 20. a5 b5 21. Nb6 Rb8 22. Rfd1
Ne7 23. c4 Bc6 24. cxb5 axb5 25. Qc3 Qa7 26. Rac1 Bg5 27. Rc2
Be8 28. Qc7 Qxc7 29. Rxc7 Nc6 30. Nd5 Ra8 31. Bxb5 Nxa5
32. Bxe8 Rxe8 33. Nxa5 Rxa5 34. b4 Ra2 35. b5 Rb8 36. b6 Bd8
37. Rc6 Rb2 38. Rxd6 Bxb6 39. Nxb6 R8xb6 1/2-1/2

[Event "PRO Chess League (Central)"]
[Site "chess.com INT"]
[Date "2017.01.11"]
[EventDate "2017.01.11"]
[Round "1"]
[Result "0-1"]
[White "Keith Arkell"]
[Black "Maxime Vachier-Lagrave"]
[WhiteElo "2438"]
[BlackElo "2796"]
[PlyCount "98"]

1. d4 Nf6 2. Nf3 g6 3. c4 Bg7 4. g3 O-O 5. Nc3 d5 6. cxd5 Nxd5
7. Bg2 Nc6 8. O-O Bf5 9. e3 Nxc3 10. bxc3 Qd7 11. a4 Na5
12. Nd2 Be6 13. Ba3 Rad8 14. Qb1 b6 15. Rc1 c5 16. Rd1 Qc7
17. Qb5 Rd7 18. Qe2 Rfd8 19. Bb2 Qc8 20. Rdc1 Rc7 21. Qd3 h5
22. h4 Bf5 23. e4 Bh3 24. d5 Bxg2 25. Kxg2 e6 26. Rab1 c4
27. Qf3 exd5 28. exd5 Rcd7 29. Ne4 Rxd5 30. Nf6+ Bxf6 31. Qxf6
Rf5 32. Qe7 Rd2 33. Rf1 Nc6 34. Qe4 Ne5 35. Bc1 Ra2 36. Be3
Nd3 37. Rb5 Rxb5 38. axb5 Re2 39. Kg1 Ne1 40. Qd5 Qg4 41. Bd4
Nf3+ 42. Kg2 Nxh4+ 43. Kh2 Nf3+ 44. Kg2 Nxd4 45. cxd4 Qe4+
46. Qxe4 Rxe4 47. Ra1 Rxd4 48. Rxa7 Rd5 49. Rc7 Rxb5 0-1

[Event "PRO Chess League (Central)"]
[Site "chess.com INT"]
[Date "2017.01.11"]
[EventDate "2017.01.11"]
[Round "1"]
[Result "1-0"]
[White "Maxime Vachier-Lagrave"]
[Black "Thomas E Rendle"]
[WhiteElo "2796"]
[BlackElo "2356"]
[PlyCount "59"]

1. e4 e6 2. d4 d5 3. Nc3 Nf6 4. e5 Nfd7 5. f4 c5 6. Nf3 Nc6
7. Be3 Be7 8. Qd2 O-O 9. O-O-O c4 10. f5 b5 11. g4 Qa5 12. Kb1
b4 13. Ne2 c3 14. Qe1 cxb2 15. Rd3 Nb6 16. f6 gxf6 17. Qh4 Nd7
18. exf6 Nxf6 19. Bg5 Qd8 20. Ne5 Ne4 21. Bxe7 Qxe7 22. g5
Nxe5 23. dxe5 Kh8 24. Rh3 Nxg5 25. Rg1 f6 26. Nf4 Rg8 27. exf6
Qxf6 28. Rxg5 Qf7 29. Rxg8+ Kxg8 30. Rg3+ 1-0

[Event "PRO Chess League (Central)"]
[Site "chess.com INT"]
[Date "2017.01.11"]
[EventDate "2017.01.11"]
[Round "1"]
[Result "1-0"]
[White "Maxime Vachier-Lagrave"]
[Black "Gawain Jones"]
[WhiteElo "2796"]
[BlackElo "2665"]
[PlyCount "95"]

1. e4 c5 2. Nf3 d6 3. d4 cxd4 4. Nxd4 Nf6 5. Nc3 g6 6. Be3 Nc6
7. Be2 Bg7 8. Qd2 Ng4 9. Bxg4 Bxg4 10. f3 Bd7 11. h4 Ne5
12. b3 Rc8 13. h5 gxh5 14. Rxh5 Qa5 15. Nd5 Qxd2+ 16. Kxd2 e6
17. Nf4 Ng6 18. Nd3 d5 19. e5 f6 20. f4 Kf7 21. a4 a6 22. Nf3
Bc6 23. Bd4 Rcf8 24. Rah1 h6 25. exf6 Bxf6 26. Rxh6 Rxh6
27. Rxh6 Kg7 28. Rh1 Bd7 29. g3 Bxd4 30. Nxd4 Rc8 31. a5 Rc7
32. c3 Bc8 33. b4 Kf6 34. Rh6 Kg7 35. Rh5 Kf6 36. g4 Re7
37. Nf3 Bd7 38. Nfe5 Be8 39. Rh6 Kg7 40. g5 b6 41. axb6 Rb7
42. f5 exf5 43. Nxg6 Bxg6 44. Nf4 Rxb6 45. Ke3 Rc6 46. Rxg6+
Rxg6 47. Nxg6 Kxg6 48. Kf4 1-0

[Event "PRO Chess League (Central)"]
[Site "chess.com INT"]
[Date "2017.01.11"]
[EventDate "2017.01.11"]
[Round "1"]
[Result "0-1"]
[White "Simon T Ansell"]
[Black "Maxime Vachier-Lagrave"]
[WhiteElo "2349"]
[BlackElo "2796"]
[PlyCount "88"]

1. e4 e5 2. Nf3 Nc6 3. d4 exd4 4. Nxd4 Nf6 5. Nxc6 bxc6 6. Qe2
d5 7. exd5+ Be7 8. dxc6 O-O 9. Be3 Rb8 10. Qd3 Nd5 11. Be2
Nxe3 12. fxe3 Bh4+ 13. g3 Bf6 14. Nd2 Qe7 15. Qe4 Re8 16. Bd3
Qxe4 17. Nxe4 Bxb2 18. Rb1 Bf5 19. Nd2 Bc3 20. Ke2 Bg4+
21. Nf3 Rb6 22. Rxb6 axb6 23. h3 Be6 24. a4 Bd5 25. Rd1 Bxc6
26. Bb5 Bxb5+ 27. axb5 Bb4 28. Rd5 Bc5 29. Nd4 g6 30. Kd3 Kf8
31. e4 Bd6 32. g4 f6 33. Nb3 Ra8 34. c4 Ke7 35. h4 Ra3 36. Kc3
Ra2 37. c5 Be5+ 38. Kb4 Re2 39. Nd2 Bf4 40. Nc4 Rxe4 41. cxb6
cxb6 42. Kb3 Bc7 43. g5 Ke6 44. Rd3 f5 0-1

[Event "PRO Chess League (Central)"]
[Site "chess.com INT"]
[Date "2017.01.18"]
[EventDate "2017.01.11"]
[Round "2"]
[Result "1-0"]
[White "Flavio Perez"]
[Black "Maxime Vachier-Lagrave"]
[WhiteElo "2304"]
[BlackElo "2796"]
[PlyCount "107"]

1. e4 c5 2. d3 g6 3. g3 Bg7 4. Bg2 Nc6 5. f4 e6 6. Nf3 Nge7
7. O-O O-O 8. c3 b6 9. Na3 Bb7 10. Nc2 Qc7 11. Be3 Rad8
12. Qe2 d6 13. Rad1 Rfe8 14. Ng5 h6 15. Nh3 f5 16. g4 d5
17. gxf5 exf5 18. e5 d4 19. cxd4 cxd4 20. Bf2 Nd5 21. Rc1 Qf7
22. Qd2 Ba6 23. Bh4 Rc8 24. Bf2 Rcd8 25. Bh4 Rd7 26. Rfe1 Bf8
27. a3 Bb5 28. Kh1 a5 29. Rg1 Bc5 30. Bf3 Kh7 31. Rg3 Ne3
32. Rcg1 Ng4 33. Nf2 g5 34. Nxg4 fxg4 35. Be4+ Kh8 36. Rxg4
gxh4 37. Qg2 Nd8 38. Rxh4 Bf8 39. Qh3 Qe6 40. Rhg4 Bg7 41. Qg3
Qg8 42. Nxd4 Ba6 43. Nf5 Ne6 44. Rg6 Qf8 45. Qh4 Nxf4 46. Nxg7
Nxg6 47. Qxh6+ Kg8 48. Qxg6 Rxg7 49. Qh7+ Kf7 50. Bd5+ Ke7
51. Rxg7+ Kd8 52. Rd7+ Kc8 53. Rc7+ Kb8 54. Rb7+ 1-0

[Event "PRO Chess League (Central)"]
[Site "chess.com INT"]
[Date "2017.01.18"]
[EventDate "2017.01.11"]
[Round "2"]
[Result "1-0"]
[White "Maxime Vachier-Lagrave"]
[Black "Deimante Cornette"]
[WhiteElo "2796"]
[BlackElo "2447"]
[PlyCount "53"]

1. e4 c5 2. Nf3 Nc6 3. c3 d5 4. exd5 Qxd5 5. d4 Bf5 6. Be3
cxd4 7. Nxd4 Nxd4 8. cxd4 Nf6 9. Nc3 Qa5 10. Qb3 b6 11. Bc4 e6
12. O-O Be7 13. d5 exd5 14. Nxd5 Nxd5 15. Bxd5 O-O 16. Bxa8
Rxa8 17. Rfd1 Be6 18. Qd3 h6 19. a3 Bf6 20. Bd2 Qh5 21. Bc3
Rd8 22. Qf1 Bb3 23. Rxd8+ Bxd8 24. Qa6 Qg5 25. Re1 Bd5
26. Re8+ Kh7 27. Qd3+ 1-0

[Event "PRO Chess League (Central)"]
[Site "chess.com INT"]
[Date "2017.01.18"]
[EventDate "2017.01.11"]
[Round "2"]
[Result "1/2-1/2"]
[White "Maxime Vachier-Lagrave"]
[Black "Robert Fontaine"]
[WhiteElo "2796"]
[BlackElo "2549"]
[PlyCount "83"]

1. e4 c6 2. d4 d5 3. e5 c5 4. dxc5 e6 5. Qg4 Nc6 6. Nf3 Nge7
7. Bb5 Ng6 8. Be3 Bd7 9. Bxc6 bxc6 10. c3 Qb8 11. Qb4 Qc7
12. Qd4 Ne7 13. Qd3 Nf5 14. Bd4 Rb8 15. b3 a5 16. g4 Nxd4
17. cxd4 Be7 18. Nc3 O-O 19. O-O f5 20. exf6 gxf6 21. Rfe1 Kh8
22. h3 Rg8 23. Re3 Qf4 24. Kf1 e5 25. dxe5 Bxc5 26. Ne2 Qh6
27. Nfd4 Bxg4 28. hxg4 Qh1+ 29. Ng1 Rxg4 30. Rh3 Qg2+ 31. Ke1
Re4+ 32. Nge2 Qg1+ 33. Kd2 Qxa1 34. Rxh7+ Kxh7 35. Qh3+ Kg8
36. Qe6+ Kh8 37. Qxf6+ Kg8 38. Qg6+ Kh8 39. Qh6+ Kg8 40. Qg6+
Kh8 41. Qh6+ Kg8 42. Qg6+ 1/2-1/2

[Event "Tradewise Gibraltar"]
[Site "Catalan Bay GIB"]
[Date "2017.01.27"]
[EventDate "2017.01.24"]
[Round "4.5"]
[Result "1-0"]
[White "Maxime Vachier-Lagrave"]
[Black "Kacper Piorun"]
[WhiteElo "2796"]
[BlackElo "2651"]
[PlyCount "125"]

1. e4 e5 2. Nf3 Nc6 3. Bb5 a6 4. Ba4 Nf6 5. O-O Be7 6. d3 b5
7. Bb3 d6 8. a3 Na5 9. Ba2 c5 10. Nc3 Be6 11. Bg5 O-O 12. Bxf6
Bxf6 13. Nd5 Nc6 14. a4 g6 15. c3 Bg7 16. Ne3 b4 17. a5 bxc3
18. bxc3 Nxa5 19. Bxe6 fxe6 20. Qa4 Nb7 21. Rfb1 Qc7 22. Qc4
Qd7 23. Ng5 Nd8 24. Rxa6 Rxa6 25. Qxa6 Bh6 26. Nf3 Bxe3
27. fxe3 Nf7 28. Rb7 Qd8 29. Qa7 Qf6 30. h3 g5 31. Re7 Qh6
32. Nh2 c4 33. Ng4 Qg6 34. Qd7 Rd8 35. Qc7 Rf8 36. Qxc4 Nd8
37. Qa2 h5 38. Nf2 g4 39. hxg4 hxg4 40. Qe2 g3 41. Nh3 Nf7
42. Ra7 d5 43. exd5 exd5 44. Ra1 Rc8 45. Rc1 Nd6 46. Qf3 e4
47. dxe4 dxe4 48. Qd1 Nf7 49. Nf4 Qg7 50. Qd7 Rd8 51. Qe6 Qh6
52. Qg4+ Qg5 53. Qxg5+ Nxg5 54. c4 Kf7 55. c5 Ke7 56. Nh5 Rd3
57. Nxg3 Kd7 58. c6+ Kc7 59. Nf5 Nf7 60. Nd4 Nd6 61. Kf2 Rd2+
62. Kg3 Ra2 63. Ne6+ 1-0

[Event "PRO League Group Stage"]
[Site "chess.com INT"]
[Date "2017.02.11"]
[EventDate "2017.01.11"]
[Round "5"]
[Result "1-0"]
[White "Nicholas Rosenthal"]
[Black "Maxime Vachier-Lagrave"]
[WhiteElo "2156"]
[BlackElo "2796"]
[PlyCount "65"]

1. e4 c5 2. Nf3 d6 3. Bb5+ Nd7 4. O-O a6 5. Bc4 e6 6. a4 Ngf6
7. Re1 Be7 8. c3 O-O 9. d4 cxd4 10. cxd4 d5 11. exd5 exd5
12. Bd3 Re8 13. Nc3 Nf8 14. Ne5 Be6 15. Ne2 Rc8 16. Nf4 Bd6
17. Bd2 Ne4 18. Bxe4 dxe4 19. Rxe4 Bf5 20. Re1 Ne6 21. Nxe6
Bxe6 22. Qf3 Bb8 23. Qxb7 Qxd4 24. Bc3 Qf4 25. Re4 Qf5
26. Rae1 Rc7 27. Qxa6 Ba7 28. Nf3 Rec8 29. Qe2 h6 30. Nd4 Bxd4
31. Rxd4 Qg6 32. Qd3 Qh5 33. Rd8+ 1-0

[Event "PRO League Group Stage"]
[Site "chess.com INT"]
[Date "2017.02.11"]
[EventDate "2017.01.11"]
[Round "5"]
[Result "1-0"]
[White "Wesley So"]
[Black "Maxime Vachier-Lagrave"]
[WhiteElo "2808"]
[BlackElo "2796"]
[PlyCount "71"]

1. d4 Nf6 2. Nf3 g6 3. Nbd2 d5 4. e3 Bg7 5. b4 O-O 6. Bb2 Bf5
7. Be2 Nbd7 8. O-O c6 9. a4 Ne4 10. c4 Re8 11. cxd5 cxd5
12. Nxe4 Bxe4 13. Qb3 Rc8 14. Rac1 Nf6 15. Ne5 Bf5 16. f3 h5
17. Rxc8 Qxc8 18. Rc1 Qb8 19. b5 Rc8 20. Rxc8+ Qxc8 21. Qc3
Qxc3 22. Bxc3 Ne8 23. Bb4 f6 24. Nd3 Bxd3 25. Bxd3 Kf7 26. a5
b6 27. axb6 axb6 28. Bc5 bxc5 29. b6 Bh6 30. f4 c4 31. Bxg6+
Kxg6 32. b7 f5 33. b8=Q Nf6 34. Qc8 Bg7 35. h3 h4 36. Kf1 1-0

[Event "PRO League Group Stage"]
[Site "chess.com INT"]
[Date "2017.02.11"]
[EventDate "2017.01.11"]
[Round "5"]
[Result "1-0"]
[White "Maxime Vachier-Lagrave"]
[Black "Benjamin Finegold"]
[WhiteElo "2796"]
[BlackElo "2483"]
[PlyCount "73"]

1. e4 c5 2. Nf3 Nc6 3. c3 d5 4. exd5 Qxd5 5. d4 Nf6 6. Be3
cxd4 7. Nxd4 Nxd4 8. cxd4 e6 9. Nc3 Qd8 10. Bc4 Be7 11. O-O
O-O 12. Rc1 Nd5 13. Bxd5 exd5 14. Qb3 Be6 15. Qxb7 Rb8
16. Qxa7 Rxb2 17. Rb1 Rc2 18. Rfc1 Rxc1+ 19. Rxc1 h5 20. Ne2
Bd6 21. Bf4 Bxf4 22. Nxf4 Qg5 23. g3 h4 24. Re1 Bg4 25. Qc5
hxg3 26. hxg3 Bf3 27. Re3 Qg4 28. Nxd5 Rb8 29. Nc3 Rd8 30. a4
f5 31. Qb6 Rf8 32. Ne2 Kh7 33. Nf4 Be4 34. Qb5 Rf6 35. Qe2
Qxe2 36. Nxe2 Ra6 37. Nc3 1-0

[Event "PRO League Group Stage"]
[Site "chess.com INT"]
[Date "2017.02.11"]
[EventDate "2017.01.11"]
[Round "5"]
[Result "1-0"]
[White "Maxime Vachier-Lagrave"]
[Black "Dariusz Swiercz"]
[WhiteElo "2796"]
[BlackElo "2647"]
[PlyCount "119"]

1. c4 e5 2. Nc3 Nf6 3. Nf3 Nc6 4. g3 d5 5. cxd5 Nxd5 6. Bg2
Nb6 7. O-O Be7 8. a3 O-O 9. b4 Be6 10. d3 a5 11. b5 Nd4
12. Bb2 Nb3 13. Rb1 f6 14. Nd2 Nxd2 15. Qxd2 Nc4 16. Qc1 Nxb2
17. Qxb2 Rb8 18. Rfc1 Qd4 19. Nd5 Bd6 20. Qxd4 exd4 21. Nxc7
Bf7 22. a4 Rfc8 23. b6 Ba3 24. Rc2 Bb4 25. Bh3 Rd8 26. Nb5 Be8
27. Be6+ Kh8 28. Rc7 Bxb5 29. axb5 Rd6 30. Ba2 Rxb6 31. Rbc1
Bc3 32. e3 h6 33. exd4 Bxd4 34. Rd7 Bb2 35. Rc5 a4 36. d4 Ba3
37. Rcd5 Rf8 38. h4 Bb4 39. h5 a3 40. Rd8 f5 41. Rxf8+ Bxf8
42. Rxf5 Rf6 43. Re5 g6 44. hxg6 Rxg6 45. Re8 Kg7 46. Ra8 Rb6
47. Bc4 Rd6 48. Rxa3 Rxd4 49. Rc3 b6 50. Be2 Bc5 51. Rc2 Rd6
52. Kg2 Rf6 53. f4 Rd6 54. Ra2 Kf6 55. Kh3 Rd4 56. Kg4 Rb4
57. Ra7 Rb3 58. Bc4 h5+ 59. Kxh5 Rxg3 60. Rf7# 1-0

[Event "PRO League Group Stage"]
[Site "chess.com INT"]
[Date "2017.02.22"]
[EventDate "2017.01.11"]
[Round "7"]
[Result "1-0"]
[White "Loek van Wely"]
[Black "Maxime Vachier-Lagrave"]
[WhiteElo "2695"]
[BlackElo "2796"]
[PlyCount "89"]

1. c4 e5 2. Nc3 Nf6 3. Nf3 Nc6 4. g3 d5 5. cxd5 Nxd5 6. Bg2
Nb6 7. a3 Be7 8. b4 O-O 9. d3 Re8 10. O-O Bf8 11. Bb2 a5
12. b5 Nd4 13. Nd2 c6 14. bxc6 Nxc6 15. Nc4 Be6 16. Nxb6 Qxb6
17. Rb1 Rad8 18. Ba1 Qc7 19. Qa4 Bd7 20. Qc4 Qc8 21. Bd5 Be6
22. Bxe6 Rxe6 23. Nb5 e4 24. dxe4 Rh6 25. f4 b6 26. Qc3 Qe6
27. e5 Bc5+ 28. e3 Ne7 29. Nd4 Qh3 30. Rf2 Rg6 31. Qd3 h5
32. Qf1 Qc8 33. f5 Rg4 34. f6 Ng6 35. e6 fxe6 36. fxg7 Qd7
37. Rf6 h4 38. Nxe6 Bxe3+ 39. Kg2 Bc5 40. Nxd8 h3+ 41. Kh1
Qxd8 42. Rd1 Qe8 43. Qxh3 Re4 44. Rf8+ Bxf8 45. Qh8+ 1-0

[Event "PRO League Group Stage"]
[Site "chess.com INT"]
[Date "2017.02.22"]
[EventDate "2017.01.11"]
[Round "7"]
[Result "1-0"]
[White "Maxime Vachier-Lagrave"]
[Black "Christov Kleijn"]
[WhiteElo "2796"]
[BlackElo "2437"]
[PlyCount "79"]

1. c4 c6 2. Nf3 d5 3. d4 Nf6 4. Nc3 dxc4 5. a4 Bf5 6. e3 e6
7. Bxc4 Bb4 8. O-O O-O 9. Qe2 Bg6 10. Ne5 Nbd7 11. Nxg6 hxg6
12. Rd1 Qe7 13. f4 a5 14. e4 Nb6 15. Bb3 Rfd8 16. e5 Nfd5
17. Ne4 c5 18. Qg4 cxd4 19. Ng5 Nd7 20. Rd3 Ne3 21. Qh4 Nf8
22. Kh1 Nf5 23. Qg4 Rac8 24. h4 Nh7 25. Nxh7 Kxh7 26. Rh3 d3
27. h5 Nh6 28. hxg6+ fxg6 29. Be3 Rc6 30. Rd1 Qf7 31. Qf3 Kg8
32. g4 d2 33. Kg2 Rd3 34. Ba2 Rc1 35. Qe2 Rxd1 36. Qxd3 Re1
37. Bb3 Nxg4 38. Bxd2 Nh6 39. Bxe1 Bxe1 40. Qd6 1-0

[Event "PRO League Group Stage"]
[Site "chess.com INT"]
[Date "2017.02.22"]
[EventDate "2017.01.11"]
[Round "7"]
[Result "1-0"]
[White "Maxime Vachier-Lagrave"]
[Black "Quinten Ducarmon"]
[WhiteElo "2796"]
[BlackElo "2468"]
[PlyCount "73"]

1. g3 d5 2. Nf3 c6 3. Bg2 Bg4 4. O-O e6 5. d4 Nd7 6. h3 Bh5
7. c4 Ngf6 8. cxd5 exd5 9. Qb3 Qb6 10. Qe3+ Be7 11. Nh4 Bg6
12. Nc3 Kf8 13. Nxg6+ hxg6 14. Qd3 Re8 15. h4 Bd6 16. Re1 Rh5
17. Bg5 Nh7 18. Bd2 Nhf6 19. Bf3 Rh8 20. Rab1 Kg8 21. b4 Qc7
22. Kg2 Nb6 23. b5 Nc4 24. Bg5 Nh7 25. Bc1 Nf6 26. e4 dxe4
27. Nxe4 Nxe4 28. Rxe4 Rxe4 29. Qxe4 c5 30. dxc5 Bxc5 31. Bg5
Nd6 32. Qd5 Kh7 33. h5 gxh5 34. Rh1 g6 35. Bf6 Nf5 36. Rxh5+
gxh5 37. Qxf5+ 1-0

[Event "PRO League Group Stage"]
[Site "chess.com INT"]
[Date "2017.02.22"]
[EventDate "2017.01.11"]
[Round "7"]
[Result "0-1"]
[White "Ilias van der Lende"]
[Black "Maxime Vachier-Lagrave"]
[WhiteElo "2315"]
[BlackElo "2796"]
[PlyCount "136"]

1. e4 c5 2. c3 Nf6 3. e5 Nd5 4. d4 cxd4 5. Nf3 Nc6 6. cxd4 d6
7. Bc4 dxe5 8. dxe5 Nb6 9. Qxd8+ Nxd8 10. Bb5+ Bd7 11. Nc3 Ne6
12. Be3 a6 13. Bxb6 axb5 14. O-O g6 15. Rfd1 Bg7 16. Nd4 b4
17. Nxe6 Bxe6 18. Nb5 O-O 19. Bc5 Bxe5 20. Bxe7 Rfc8 21. Bxb4
Bxb2 22. Rab1 Rxa2 23. Nd6 Rb8 24. Ne4 Bf5 25. Rxb2 Rxb2
26. Nf6+ Kg7 27. Bc3 Rc2 28. Be5 Rbc8 29. g4 Be6 30. Nd7+ f6
31. Bxf6+ Kg8 32. Bg5 Bxd7 33. Rxd7 R2c7 34. Rd6 Rf7 35. Be3
Kf8 36. Kg2 Ke8 37. h4 Rc4 38. Kg3 Rd7 39. Rb6 Kd8 40. h5 gxh5
41. gxh5 Kc7 42. Rb5 Rg7+ 43. Kf3 Rf7+ 44. Kg3 Re4 45. Kg2
Rg4+ 46. Kf1 Kc6 47. Rb6+ Kd5 48. h6 Rc4 49. Ke2 Rc6 50. Rb5+
Kc4 51. Rb2 b5 52. Rc2+ Kd5 53. Rd2+ Ke6 54. Rb2 Rb7 55. Bd4
b4 56. Kd3 b3 57. Re2+ Kf5 58. Bb2 Rd6+ 59. Kc4 Rxh6 60. Re5+
Kg4 61. Re3 Rc6+ 62. Kd5 Rc2 63. Rg3+ Kh5 64. Rh3+ Kg4
65. Rg3+ Kh4 66. Bf6+ Kh5 67. f4 b2 68. Ke4 Rc4+ 0-1

[Event "PRO Chess League (Knock-Out)"]
[Site "chess.com INT"]
[Date "2017.03.08"]
[EventDate "2017.03.01"]
[Round "2"]
[Result "1-0"]
[White "Maxime Vachier-Lagrave"]
[Black "Ravi Haria"]
[WhiteElo "2803"]
[BlackElo "2415"]
[PlyCount "71"]

1. c4 e6 2. Nc3 b6 3. Nf3 Bb7 4. e4 Bb4 5. Bd3 Na6 6. Bc2 Nc5
7. e5 d6 8. d4 Nd7 9. exd6 Bxd6 10. O-O Ngf6 11. Re1 O-O
12. Bg5 Be7 13. Qd3 Re8 14. Rad1 Nf8 15. Ne5 N6d7 16. Nxd7
Qxd7 17. Ba4 c6 18. Be3 Rad8 19. d5 exd5 20. cxd5 b5 21. Bb3
b4 22. Ne2 cxd5 23. Nf4 d4 24. Qxd4 Qg4 25. Qxa7 Rxd1 26. Bxd1
Qd7 27. Ba4 Bc6 28. Qxd7 Bxd7 29. Bxd7 Nxd7 30. Bd2 Kf8
31. Nd5 b3 32. Nxe7 bxa2 33. Bb4 Ne5 34. Ng6+ Kg8 35. Nxe5
Rxe5 36. Ra1 1-0

[Event "PRO Chess League (Knock-Out)"]
[Site "chess.com INT"]
[Date "2017.03.08"]
[EventDate "2017.03.01"]
[Round "2"]
[Result "1-0"]
[White "Maxime Vachier-Lagrave"]
[Black "Sergei Movsesian"]
[WhiteElo "2803"]
[BlackElo "2679"]
[PlyCount "103"]

1. e4 e6 2. d4 d5 3. exd5 exd5 4. Nf3 Bd6 5. c4 c6 6. cxd5
cxd5 7. Bb5+ Bd7 8. Qe2+ Ne7 9. Nc3 O-O 10. O-O Nbc6 11. Rd1
Re8 12. h3 a6 13. Bd3 Bf5 14. Bxf5 Nxf5 15. Qd3 Nfe7 16. Re1
h6 17. Bd2 Nb4 18. Qb1 Qd7 19. a3 Nbc6 20. b4 Rad8 21. Qd3 Bb8
22. Rab1 b5 23. a4 Na7 24. axb5 Nxb5 25. Ra1 Nc7 26. Ne5 Qd6
27. Nf3 Ng6 28. Rxe8+ Rxe8 29. b5 axb5 30. Nxb5 Nxb5 31. Qxb5
Rd8 32. g3 Kh7 33. Kg2 Qe6 34. Re1 Qf5 35. Qb1 Qf6 36. h4 Kh8
37. Bb4 Rc8 38. h5 Nf8 39. Be7 Qc6 40. Qf5 Kg8 41. Bxf8 Rxf8
42. Re7 Bd6 43. Rd7 Qc8 44. g4 Qc6 45. g5 Qc8 46. g6 Be7
47. Qxd5 Bf6 48. Ne5 Bxe5 49. dxe5 Kh8 50. gxf7 Qc2 51. e6 Qe2
52. Qf5 1-0

[Event "PRO Chess League (Knock-Out)"]
[Site "chess.com INT"]
[Date "2017.03.08"]
[EventDate "2017.03.01"]
[Round "2"]
[Result "0-1"]
[White "Marcus R Harvey"]
[Black "Maxime Vachier-Lagrave"]
[WhiteElo "2275"]
[BlackElo "2803"]
[PlyCount "130"]

1. Nf3 Nf6 2. b3 g6 3. Bb2 Bg7 4. e3 O-O 5. Be2 b6 6. O-O Bb7
7. d4 e6 8. c4 d6 9. Nc3 Nbd7 10. Qc2 c5 11. Rad1 Qe7 12. dxc5
Nxc5 13. Qb1 Rfd8 14. Qa1 Rac8 15. Rc1 e5 16. Rfd1 Nce4
17. Nd5 Bxd5 18. cxd5 Ng4 19. Rxc8 Rxc8 20. Rc1 Qb7 21. Ng5
Ngxf2 22. Nxe4 Nxe4 23. Rxc8+ Qxc8 24. Qc1 Qxc1+ 25. Bxc1 Nc3
26. Bc4 Nxa2 27. Ba3 Bf8 28. b4 Nc3 29. b5 f5 30. Kf1 Kf7
31. Ke1 Ne4 32. Bd3 Nf6 33. Bc4 g5 34. Ke2 g4 35. Bb4 h5
36. Be1 Be7 37. h3 Kg6 38. hxg4 hxg4 39. Bh4 Ng8 40. Bg3 Bg5
41. Be1 Nf6 42. Bb4 Ne8 43. Bd3 e4 44. Bc4 Bf6 45. Be1 Be5
46. Bh4 Kf7 47. Kf2 Bf6 48. Bg3 Ke7 49. Bf4 Ng7 50. g3 Ne8
51. Bh6 Kf7 52. Bf4 Kg6 53. Ke2 Bg5 54. Bb3 Bxf4 55. exf4 Kf6
56. Ke3 Ke7 57. Bc4 Kd7 58. Be2 Kc7 59. Bxg4 fxg4 60. Kxe4
Nf6+ 61. Kf5 Nxd5 62. Kxg4 Kd7 63. Kg5 Ke6 64. g4 Kf7 65. f5
Kg7 0-1